000
00321nam a2200133Ia 4500
008
240624s9999 xx 000 0 und d
041
_a
eng
082
_a
658.827 AAK
100
_a
AAKER DAVID A
245
_a
BRAND LEADERSHIP
260
_c
2000
_a
London
_b
Free Press NY
300
_a
351 , p. , 22 , cm.
365
_c
_b
25
999
_c
12645
_d
12645